000
00264nam a2200109Ia 4500
008
190911s9999||||xx |||||||||||||| ||und||
100
_a
Williams,Brian K.
245
0
_a
Using Information Technology
260
_a
USA
_b
Mc Graw Hill
_c
1997
300
_a
602
942
_c
BK
999
_c
6936
_d
6936